Conocimiento tradicional ecológico y régimen de protección de la propiedad intelectual /
Uloženo v:
| Hlavní autor: | |
|---|---|
| Médium: | Text |
| Témata: | |
| Tagy: |
Přidat tag
Žádné tagy, Buďte první, kdo vytvoří štítek k tomuto záznamu!
|
MARC
| LEADER | 00000 a a2200000 04500 | ||
|---|---|---|---|
| 001 | 13132 | ||
| 003 | |||
| 040 | |||
| 100 | |a Retana Barrantes, Vanessa | ||
| 245 | |a Conocimiento tradicional ecológico y régimen de protección de la propiedad intelectual / |c Vanessa Retana Barrantes | ||
| 650 | |a ECOLOGIA | ||
| 650 | |a PROPIEDAD INTELECTUAL | ||
| 650 | |a POBLACION INDIGENA | ||
| 650 | |a AGRICULTURA | ||
| 773 | |g volumen 8, número 5; páginas 15-17 | ||
| 999 | |c 24382 |d 24382 | ||
